[Event "Open"]
[Site "Cappelle la Grande FRA"]
[Date "2003.02.22"]
[Round "1"]
[White "Prasad,D"]
[Black "Timofeev,Ar"]
[Result "1/2-1/2"]
[WhiteElo "2400"]
[BlackElo "2592"]
[EventDate "2003.02.22"]

1. e4 c5 2. Nf3 d6 3. d4 cxd4 4. Nxd4 Nf6 5. Nc3 e6 6. Be2 Be7 7. O-O Nc6
8. Be3 O-O 9. f4 e5 10. fxe5 dxe5 11. Nf5 Bxf5 12. Rxf5 Bb4 13. Qxd8 Raxd8
14. Bd3 Ng4 15. Bg5 f6 16. Bh4 Nd4 17. Rff1 Ne3 18. Rfc1 Rc8 19. Bf2 Ng4
20. Be1 Rfd8 21. h3 Ne3 22. Bf2 Nc4 23. Nd5 Bf8 24. b3 Nb6 25. Bxd4 exd4
26. Nxb6 axb6 27. a4 Bb4 28. Rf1 Rc5 29. Rf3 Kf8 30. Raf1 Ke7 31. Rf5 h6
32. Rxc5 bxc5 33. Rf5 g6 34. Rd5 Rxd5 35. exd5 f5 36. Kf2 Kd6 37. g4 Kxd5
38. gxf5 gxf5 39. Bxf5 Ke5 40. Bc8 b6 41. Ke2 h5 42. Kd3 h4 1/2-1/2

[Event "Open"]
[Site "Cappelle la Grande FRA"]
[Date "2003.02.22"]
[Round "1"]
[White "Efimenko,Z"]
[Black "Petrik,T"]
[Result "0-1"]
[WhiteElo "2590"]
[BlackElo "2393"]
[EventDate "2003.02.22"]

1. e4 e6 2. d4 d5 3. Nd2 c5 4. exd5 Qxd5 5. Ngf3 cxd4 6. Bc4 Qd6 7. O-O Nf6
8. Re1 Nc6 9. Ne4 Nxe4 10. Rxe4 Be7 11. Nxd4 e5 12. Bf4 exf4 13. Nxc6 Qxd1+
14. Rxd1 bxc6 15. Rde1 Kf8 16. Rxe7 Be6 17. R1xe6 fxe6 18. Rc7 h5 19. Kf1
Rh6 20. Ke2 Rf6 21. Rxc6 Rd8 22. a4 Ke7 23. Ra6 Rd7 24. Bd3 f3+ 25. gxf3
Rf4 26. Ra5 Rh4 27. Bg6 Kf6 28. Rxh5 Rb4 29. Be4 Rxb2 30. Rc5 Rb1 31. a5
Rh1 32. c4 Ra1 33. h4 Ra2+ 34. Ke3 Ra3+ 35. Kf4 Rd4 36. Rc8 Rxa5 37. c5 Rc4
38. c6 Rac5 39. Kg3 a5 40. Ra8 Rc1 41. c7 Rxc7 42. Rxa5 Rg1+ 43. Kf4 Rcc1
44. h5 Rcf1 45. Bg6 Rxf2 46. Ra7 e5+ 47. Ke3 Rgf1 48. Be4 Rh2 49. Ra6+ Kg5
50. Rg6+ Kxh5 51. Rxg7 Re1+ 52. Kd3 Ra2 53. Re7 Ra5 54. Rg7 Kh4 55. Kc4 Rd1
56. Kb4 Rda1 57. Bc6 Ra6 58. Be4 Rc1 59. Rb7 Kg3 60. Kb3 Kf4 61. Kb2 Rc5
62. Rb4 Ke3 63. Rb3+ Kd2 64. Rd3+ Ke2 65. Rb3 Ra7 66. Rb6 Raa5 67. Rd6
Rab5+ 68. Ka3 Rb8 69. Ra6 Rc3+ 70. Ka2 Rb5 71. Rf6 Rc7 72. Ra6 Rb8 73. Ra5
Ke3 74. Ka1 Rc4 75. Bd5 Rcb4 76. Ba2 Kf4 77. Ra3 Rd4 78. Be6 Rbb4 79. Rc3
Rb6 80. Bc4 Rc6 81. Rb3 Rcxc4 0-1

[Event "Open"]
[Site "Cappelle la Grande FRA"]
[Date "2003.02.22"]
[Round "1"]
[White "Bryson,D"]
[Black "Rozentalis,E"]
[Result "1/2-1/2"]
[WhiteElo "2389"]
[BlackElo "2585"]
[EventDate "2003.02.22"]

1. e4 e6 2. d4 d5 3. Nc3 Bb4 4. e5 c5 5. a3 Bxc3+ 6. bxc3 Ne7 7. Qg4 Nf5 8.
Bd3 h5 9. Qf4 Nc6 10. Nf3 Nce7 11. O-O c4 12. Be2 Qa5 13. Qd2 Bd7 14. a4
Bxa4 15. Ba3 b5 16. Ng5 Nc6 17. Rfd1 Qc7 18. Bf1 O-O-O 19. g3 Rde8 20. Re1
Qd7 21. Bh3 Kb7 22. Bc5 Ka8 23. Re2 Nb8 24. Rae1 g6 25. Bg2 Rc8 26. Qf4 Na6
27. Ne4 Nxc5 28. Nxc5 Qe7 29. h3 Rxc5 30. dxc5 Rc8 31. g4 hxg4 32. hxg4 Nh4
33. Bh1 g5 34. Qd2 Rxc5 35. f4 gxf4 36. Qxf4 Ng6 37. Qe3 Rc7 38. Rf1 Qh4
39. Qd4 Kb8 40. Bg2 Qg5 41. Rff2 b4 42. Rf1 b3 43. cxb3 Bxb3 44. Ree1 Kc8
45. Rf2 Kd8 46. Rf6 Rd7 47. Rf2 Ke8 48. Qc5 Nxe5 49. Rf5 exf5 50. Rxe5+ Kd8
51. Qa5+ Kc8 52. Qa6+ Kd8 53. Qa5+ Kc8 54. Qa6+ 1/2-1/2

[Event "Open"]
[Site "Cappelle la Grande FRA"]
[Date "2003.02.22"]
[Round "1"]
[White "Atalik,S"]
[Black "Heberla,B"]
[Result "1-0"]
[WhiteElo "2581"]
[BlackElo "2389"]
[EventDate "2003.02.22"]

1. d4 g6 2. c4 Bg7 3. Nf3 c5 4. d5 d6 5. e4 e6 6. Nc3 exd5 7. cxd5 a6 8. a4
Ne7 9. g3 O-O 10. Bg2 Bg4 11. Qc2 Bxf3 12. Bxf3 Nd7 13. O-O Ne5 14. Bg2 f5
15. Ne2 fxe4 16. Qxe4 Nf5 17. Nf4 Re8 18. Ne6 Qe7 19. Bd2 Nd4 20. Nxd4 cxd4
21. Bh3 Qf6 22. Bf4 g5 23. Bxe5 Rxe5 24. Qc2 Kh8 25. Be6 Rf8 26. f4 Re3 27.
fxg5 Qe5 28. Rxf8+ Bxf8 29. Qf2 Bg7 30. Rc1 h6 31. Rc8+ Kh7 1-0

[Event "Open"]
[Site "Cappelle la Grande FRA"]
[Date "2003.02.22"]
[Round "1"]
[White "Burmakin,V"]
[Black "Houska,Jo"]
[Result "1-0"]
[WhiteElo "2575"]
[BlackElo "2386"]
[EventDate "2003.02.22"]

1. d4 d5 2. c4 c6 3. Nf3 Nf6 4. e3 Bf5 5. Nc3 e6 6. Nh4 Bg6 7. Qb3 Qc7 8.
Nxg6 hxg6 9. h3 Nbd7 10. Bd2 Bd6 11. Rc1 Qb8 12. Be2 g5 13. g4 dxc4 14.
Qxc4 Nb6 15. Qb3 Nbd5 16. Bf3 Bc7 17. Na4 Nd7 18. e4 Nf4 19. e5 a5 20. Bxf4
gxf4 21. Nc3 a4 22. Qc4 Qa7 23. Kf1 Qa6 24. Ne2 g5 25. Kg2 Qxc4 26. Rxc4
Ke7 27. Rc2 Bb6 28. Rd1 Rhd8 29. Rcd2 Nf8 30. Be4 Rd7 31. h4 gxh4 32. Nxf4
Rad8 33. Ne2 c5 34. d5 exd5 35. Rxd5 Rxd5 36. Rxd5 Rxd5 37. Bxd5 Bc7 38. f4
f6 39. exf6+ Kxf6 40. g5+ Kg6 41. Be4+ Kh5 42. Kh3 Ne6 43. Bf3+ Kg6 44. Kg4
Nd4 45. f5+ Kf7 46. Bd5+ Kf8 47. Nxd4 cxd4 48. f6 d3 49. g6 1-0

[Event "Open"]
[Site "Cappelle la Grande FRA"]
[Date "2003.02.22"]
[Round "1"]
[White "Colovic,A"]
[Black "Luther,T"]
[Result "1/2-1/2"]
[WhiteElo "2385"]
[BlackElo "2575"]
[EventDate "2003.02.22"]

1. e4 Nf6 2. e5 Nd5 3. d4 d6 4. c4 Nb6 5. exd6 exd6 6. Nc3 Nc6 7. Nf3 Be7
8. h3 Bf6 9. Be2 O-O 10. O-O Re8 11. Bf4 Bf5 12. Qd2 a6 13. Rad1 d5 14. c5
Nc8 15. Rfe1 h6 16. Bf1 Rxe1 17. Rxe1 N8e7 18. g4 Bh7 19. h4 Ng6 20. g5
Nxh4 21. Nxh4 hxg5 22. Bxc7 Qxc7 23. Nxd5 Qd7 24. Nxf6+ gxf6 25. Nf3 Qg4+
26. Bg2 Be4 27. Qe3 Re8 28. Rd1 Kg7 29. Qb3 Nb4 30. d5 Bc2 31. Rd4 Qxd4 32.
Nxd4 Bxb3 33. Nxb3 Re1+ 34. Kh2 Re2 35. d6 Kf8 36. Bxb7 Rxf2+ 37. Kg1 Rxb2
38. a3 Rb1+ 39. Kh2 Rb2+ 40. Kg1 Rb1+ 41. Kg2 Rb2+ 42. Nd2 Nc2 43. Kf2 Nb4
1/2-1/2

[Event "Open"]
[Site "Cappelle la Grande FRA"]
[Date "2003.02.22"]
[Round "1"]
[White "Pavasovic,D"]
[Black "Danielian,E"]
[Result "1/2-1/2"]
[WhiteElo "2573"]
[BlackElo "2384"]
[EventDate "2003.02.22"]

1. e4 c6 2. d4 d5 3. Nd2 dxe4 4. Nxe4 Nd7 5. Ng5 Ndf6 6. Bc4 e6 7. Ne2 Bd6
8. O-O Qc7 9. Ng3 h6 10. Nf3 Ne7 11. Qe2 c5 12. dxc5 Qxc5 13. Be3 Qc7 14.
Bd4 Bd7 15. Ne5 Nc6 16. Nxc6 Bxc6 17. Bb5 Be7 18. Rad1 O-O 19. Bd3 Rfd8 20.
c3 Rd7 21. Bb1 Rad8 22. Qc2 e5 23. Be3 b6 24. Rxd7 Qxd7 25. Re1 Qd5 26. f3
Bc5 27. Qf2 Bxe3 28. Qxe3 Ng4 29. c4 Nxe3 30. cxd5 Nxd5 31. Rxe5 Re8 32.
Rxe8+ Bxe8 33. Kf2 g6 34. Be4 Nf6 35. Ke3 Kf8 36. Kd4 Ke7 37. Bb7 Kd6 38.
Ne2 Bd7 39. Nc3 Be6 40. Nb5+ Ke7 41. a3 a5 42. Nc3 Kd6 43. Nb5+ Ke7 44. Bc6
Bb3 45. Ke5 Nh5 46. g3 f6+ 47. Kd4 Ng7 48. Be4 g5 49. Kc3 Bf7 50. b4 f5 51.
Bc6 Ne6 52. bxa5 bxa5 53. Bd5 f4 54. Bxe6 Bxe6 55. gxf4 gxf4 56. Kd4 Bd7
57. Kc5 Ke6 58. Nd4+ Ke5 59. Nb3 a4 60. Nd2 Kf5 61. Nc4 Kg5 62. Kd5 Kh4 63.
Ke4 Kh3 64. Kxf4 Kxh2 65. Ne5 Bc8 66. Ng4+ Kg2 67. Nxh6 Kf2 68. Nf7 Ke2 69.
Nd6 Bd7 70. Nc4 Bb5 71. Nd6 Bc6 72. Ke5 Kxf3 73. Kd4 Kf4 74. Nc8 Bf3 75.
Nb6 Bd1 76. Nd5+ Kg5 77. Nc3 Bb3 78. Kc5 Kf6 79. Kd6 Bc2 80. Nd5+ Kf7 81.
Kd7 Bf5+ 82. Kc7 Bc2 83. Kd6 Bb3 84. Nc7 Bc2 85. Nd5 Bb3 86. Nb6 Ke8 87.
Kc7 Ke7 88. Kc6 Kd8 89. Kd6 Bc2 90. Kc5 Kc7 91. Nd5+ Kb7 92. Kb4 Bb3 93.
Nc3 Bc2 94. Nb5 Bb3 95. Nd4 Bd1 96. Ne6 1/2-1/2

[Event "Open"]
[Site "Cappelle la Grande FRA"]
[Date "2003.02.22"]
[Round "1"]
[White "Chernyshov,K"]
[Black "Moltchanov,R"]
[Result "1-0"]
[WhiteElo "2561"]
[BlackElo "2380"]
[EventDate "2003.02.22"]

1. d4 d5 2. c4 c6 3. Nc3 Nf6 4. Bg5 Ne4 5. Nxe4 dxe4 6. Qd2 Bf5 7. f3 h6 8.
Be3 Nd7 9. g4 Bg6 10. Bg2 e5 11. O-O-O Be7 12. Nh3 O-O 13. Qc3 Qc7 14. f4
exf4 15. Nxf4 Bh7 16. h4 Nf6 17. g5 Ng4 18. gxh6 Nxh6 19. Bh3 Nf5 20. Bxf5
Bxf5 21. Rdg1 Kh7 22. Bd2 e3 23. Qxe3 Rh8 24. Qf3 Qd7 25. e4 1-0

[Event "Open"]
[Site "Cappelle la Grande FRA"]
[Date "2003.02.22"]
[Round "1"]
[White "Fominyh,A"]
[Black "Rocha,S"]
[Result "1-0"]
[WhiteElo "2551"]
[BlackElo "2369"]
[EventDate "2003.02.22"]

1. d4 d6 2. g3 Nf6 3. Nf3 g6 4. Bg2 Bg7 5. O-O O-O 6. c4 Nbd7 7. Qc2 c5 8.
Rd1 Rb8 9. Nc3 cxd4 10. Nxd4 Qa5 11. h3 Ne5 12. b3 Bd7 13. Bd2 Rfc8 14.
Rac1 Nc6 15. Nxc6 Bxc6 16. e4 Nd7 17. b4 Qxb4 18. Nd5 Qa3 19. Nxe7+ Kf8 20.
Nxc8 Rxc8 21. Qb1 Bb2 22. Rc2 Ba4 23. Rxb2 Bxd1 24. Rxb7 Nc5 25. Bh6+ Kg8
26. Rb8 1-0

[Event "Open"]
[Site "Cappelle la Grande FRA"]
[Date "2003.02.22"]
[Round "1"]
[White "Hernandez,Gi"]
[Black "Payen,A"]
[Result "1/2-1/2"]
[WhiteElo "2542"]
[BlackElo "2359"]
[EventDate "2003.02.22"]

1. e4 e5 2. Nf3 Nc6 3. Bc4 Nf6 4. d3 h6 5. c3 d6 6. a4 g6 7. a5 a6 8. Qb3
Qe7 9. Nbd2 Bg7 10. Nf1 O-O 11. Ne3 Bd7 12. h3 Rae8 13. Bd2 Bc8 14. Qa2 Nd8
15. O-O-O 1/2-1/2

[Event "Open"]
[Site "Cappelle la Grande FRA"]
[Date "2003.02.22"]
[Round "1"]
[White "Jakubiec,A"]
[Black "Kuzmicz,K"]
[Result "1-0"]
[WhiteElo "2532"]
[BlackElo "2333"]
[EventDate "2003.02.22"]

1. f4 g6 2. Nf3 Bg7 3. g3 c5 4. Bg2 Nc6 5. O-O e6 6. d3 Nge7 7. c3 O-O 8.
e4 d6 9. Be3 Rb8 10. d4 cxd4 11. cxd4 b5 12. Nbd2 a5 13. e5 Bb7 14. Bf2
dxe5 15. dxe5 Qd3 16. Nb3 Qxd1 17. Rfxd1 Nd5 18. Nc5 Rfd8 19. Rac1 Ba8 20.
Ng5 Nce7 21. Rd3 Nb4 22. Rxd8+ Rxd8 23. Bxa8 Rxa8 24. a3 Nbd5 25. Nge4 Bf8
26. Nd6 b4 27. a4 Nf5 28. Ncb7 Nxd6 29. exd6 Nf6 30. Bd4 Rb8 31. Bxf6 Rxb7
32. Rc7 1-0

[Event "Open"]
[Site "Cappelle la Grande FRA"]
[Date "2003.02.22"]
[Round "1"]
[White "Hebden,M"]
[Black "Reefschlaeger,H"]
[Result "1-0"]
[WhiteElo "2515"]
[BlackElo "2315"]
[EventDate "2003.02.22"]

1. d4 d5 2. Nf3 e6 3. c4 c6 4. e3 Nf6 5. Bd3 Nbd7 6. b3 Bd6 7. Bb2 O-O 8.
O-O b6 9. Nbd2 Bb7 10. Ne5 c5 11. cxd5 cxd4 12. Nxd7 Qxd7 13. dxe6 Qxe6 14.
Bxd4 Ng4 15. h3 Ne5 16. Be4 Bxe4 17. Nxe4 Be7 18. Rc1 Nc6 19. Qf3 Nxd4 20.
exd4 f5 21. Ng3 Qd7 22. Rfd1 g6 23. Ne2 Rac8 24. d5 Rxc1 25. Rxc1 Rd8 26.
Nf4 Bg5 27. Rd1 Bxf4 28. Qxf4 Qd6 29. Qxd6 Rxd6 30. f4 Kf7 31. Kf2 Rd7 32.
Ke3 Re7+ 33. Kf3 Ke8 34. d6 Rd7 35. g4 Kf7 36. gxf5 gxf5 37. Kg3 h6 38. Kh4
Kg6 39. Rd5 b5 40. b4 Kh7 41. Kg3 1-0

[Event "Open"]
[Site "Cappelle la Grande FRA"]
[Date "2003.02.22"]
[Round "1"]
[White "Etchegaray,P"]
[Black "Belov,Vl"]
[Result "0-1"]
[WhiteElo "2344"]
[BlackElo "2540"]
[EventDate "2003.02.22"]

1. e4 c5 2. c3 d5 3. exd5 Qxd5 4. d4 Nf6 5. Nf3 Bg4 6. Qa4+ Bd7 7. Qb3 cxd4
8. Nxd4 e6 9. Be2 Nc6 10. Qxd5 Nxd5 11. Nxc6 Bxc6 12. O-O O-O-O 13. Rd1 Be7
14. Bd2 Rd7 15. c4 Nb4 16. Nc3 Rhd8 17. Bf4 Rxd1+ 18. Nxd1 Bf6 19. Kf1 g5
20. Be3 Nc2 21. Rc1 Nxe3+ 22. fxe3 Be5 23. g3 f5 24. b4 Rd2 25. b5 Bg2+ 26.
Ke1 Rxa2 27. c5 Bd5 28. c6 bxc6 29. bxc6 Ra1 30. Rc2 Kc7 31. Kf2 Ra2 32.
Rc1 g4 33. Ke1 Ra1 0-1

[Event "Open"]
[Site "Cappelle la Grande FRA"]
[Date "2003.02.22"]
[Round "1"]
[White "Vorobiov,E"]
[Black "David,Vi"]
[Result "1-0"]
[WhiteElo "2541"]
[BlackElo "2356"]
[EventDate "2003.02.22"]

1. e4 e6 2. d3 c5 3. g3 Nc6 4. Bg2 d6 5. f4 Nf6 6. Nf3 Be7 7. O-O O-O 8. h3
Rb8 9. Nc3 b5 10. g4 Nd7 11. Ne2 b4 12. Ng3 Nd4 13. Nxd4 cxd4 14. g5 e5 15.
Nf5 Nc5 16. Nxe7+ Qxe7 17. f5 f6 18. Qh5 fxg5 19. Bxg5 Qc7 20. Rf3 Nd7 21.
Rg3 Nf6 22. Qh4 Kh8 23. Kh1 d5 24. Rg1 Rb6 25. Bf3 dxe4 26. dxe4 Ne8 27.
Bh5 Nf6 28. Bxf6 Rbxf6 29. Rxg7 Qxg7 30. Rxg7 Kxg7 31. Qg3+ Kh6 32. h4 1-0

[Event "Open"]
[Site "Cappelle la Grande FRA"]
[Date "2003.02.22"]
[Round "1"]
[White "Kononenko,T"]
[Black "Vysochin,S"]
[Result "0-1"]
[WhiteElo "2373"]
[BlackElo "2554"]
[EventDate "2003.02.22"]

1. d4 d5 2. c4 e6 3. Nc3 c5 4. cxd5 exd5 5. Nf3 Nc6 6. g3 Nf6 7. Bg2 Be7 8.
O-O O-O 9. dxc5 Bxc5 10. b3 Bg4 11. Bb2 a6 12. Rc1 Ba7 13. Qd2 d4 14. Na4
Re8 15. Ba3 Rc8 16. Rfe1 b5 17. Nc5 b4 18. Bb2 Ne4 19. Qf4 Bh5 20. Bc3 dxc3
21. Rcd1 Qe7 22. Nxa6 Nd4 23. Nxd4 Bxd4 24. Rxd4 f5 0-1

[Event "Open"]
[Site "Cappelle la Grande FRA"]
[Date "2003.02.22"]
[Round "1"]
[White "Frois,A"]
[Black "Jaracz,P"]
[Result "1/2-1/2"]
[WhiteElo "2360"]
[BlackElo "2546"]
[EventDate "2003.02.22"]

1. e4 c5 2. Nf3 e6 3. d3 Nc6 4. g3 d6 5. Bg2 Nf6 6. O-O Be7 7. Re1 O-O 8.
c3 Bd7 9. a3 b5 10. b4 cxb4 11. cxb4 a5 12. bxa5 Qxa5 13. Bb2 b4 14. Nbd2
Rfc8 15. axb4 Qxb4 16. Nc4 Rxa1 17. Qxa1 Ne8 18. Ba3 Qb7 19. Rb1 Qa7 20.
Nb6 Rb8 21. Nxd7 Rxb1+ 22. Qxb1 Qxd7 1/2-1/2

[Event "Open"]
[Site "Cappelle la Grande FRA"]
[Date "2003.02.22"]
[Round "1"]
[White "Bernard,C"]
[Black "Kovchan,A"]
[Result "0-1"]
[WhiteElo "2340"]
[BlackElo "2536"]
[EventDate "2003.02.22"]

1. d4 Nf6 2. Nf3 g6 3. c4 Bg7 4. Nc3 d5 5. cxd5 Nxd5 6. e4 Nxc3 7. bxc3 c5
8. Be3 Qa5 9. Qd2 Nc6 10. Rc1 cxd4 11. cxd4 Qxd2+ 12. Kxd2 O-O 13. Bb5 Rd8
14. Bxc6 bxc6 15. Rc5 f5 16. e5 Be6 17. Rxc6 Bd5 18. Rc7 Bxf3 19. gxf3 Bxe5
20. Rxe7 Bxd4 21. Bxd4 Rxd4+ 22. Ke3 Rad8 23. Rc1 Kf8 24. Rcc7 Rd1 25. Kf4
R8d4+ 26. Ke5 R4d2 27. Kf4 Rd5 28. h4 0-1

[Event "Open"]
[Site "Cappelle la Grande FRA"]
[Date "2003.02.22"]
[Round "1"]
[White "Ionov,S"]
[Black "Collutiis,D"]
[Result "1/2-1/2"]
[WhiteElo "2531"]
[BlackElo "2325"]
[EventDate "2003.02.22"]

1. d4 Nf6 2. c4 c5 3. d5 b5 4. cxb5 a6 5. bxa6 g6 6. Nc3 Bxa6 7. g3 d6 8.
Bg2 Bg7 9. Nh3 O-O 10. O-O Nbd7 11. Bd2 Qb6 12. Rb1 Rfb8 13. Qc2 Ne5 14. b3
Bc8 15. Ng5 Bf5 16. e4 Bc8 17. Na4 Qa7 18. Nf3 Nfg4 19. Nxe5 Nxe5 20. Rfc1
Bd7 21. Nc3 c4 22. bxc4 Nxc4 23. Be1 Rxb1 24. Nxb1 Na3 25. Nxa3 Qxa3 26.
Rb1 Bf6 27. Bd2 Qxa2 28. Qxa2 Rxa2 29. Bh6 Ra1 30. Rxa1 Bxa1 31. Be3 f5 32.
f3 fxe4 33. fxe4 Kf7 34. h4 Be5 35. Kf2 Bg4 36. Bf1 h5 37. Bd3 Kf6 38. Bg5+
Kf7 39. Be3 Kf6 40. Bg5+ Kf7 41. Be3 1/2-1/2

[Event "Open"]
[Site "Cappelle la Grande FRA"]
[Date "2003.02.22"]
[Round "1"]
[White "De Sousa,Jos"]
[Black "Zontakh,A"]
[Result "0-1"]
[WhiteElo "2304"]
[BlackElo "2508"]
[EventDate "2003.02.22"]

1. e4 c6 2. d4 d5 3. Nd2 dxe4 4. Nxe4 Bf5 5. Ng3 Bg6 6. Bc4 e6 7. N1e2 Bd6
8. h4 h6 9. Nf4 Bxf4 10. Bxf4 Nf6 11. Qe2 Nbd7 12. O-O-O O-O 13. Kb1 Nd5
14. Bd2 b5 15. Bd3 Bxd3 16. Qxd3 N7f6 17. Ne4 Nxe4 18. Qxe4 Qd6 19. g4 Rad8
20. Qe2 c5 21. g5 h5 22. dxc5 Qxc5 23. Qxh5 Rc8 24. c3 Qxf2 25. g6 Qf5+ 26.
Qxf5 exf5 27. Bg5 Nb6 28. gxf7+ Rxf7 29. Rhf1 Kh7 30. Rd6 Re8 31. Rf2 Re4
32. Kc2 Rg4 33. Kd3 g6 34. Kc2 Nc4 35. Rd5 Rxg5 0-1

[Event "Open"]
[Site "Cappelle la Grande FRA"]
[Date "2003.02.22"]
[Round "1"]
[White "Nogueiras,J"]
[Black "Pinheiro,J"]
[Result "1-0"]
[WhiteElo "2528"]
[BlackElo "2321"]
[EventDate "2003.02.22"]

1. c4 e6 2. g3 d5 3. Bg2 c6 4. d4 Nf6 5. Nf3 Be7 6. O-O O-O 7. Nc3 Nbd7 8.
b3 b6 9. Bb2 Ba6 10. a4 Rc8 11. Nd2 Qc7 12. e4 dxc4 13. bxc4 e5 14. Ne2
Rfe8 15. f4 Ng4 16. Qb3 exd4 17. Nxd4 Nc5 18. Qc3 Bf8 19. h3 Nh6 20. e5
Rcd8 21. g4 Bb7 22. Qc2 Kh8 23. N2f3 a6 24. f5 Bc8 25. e6 Qe7 26. f6 1-0

[Event "Open"]
[Site "Cappelle la Grande FRA"]
[Date "2003.02.22"]
[Round "1"]
[White "Mohandesi,S"]
[Black "Kveinys,A"]
[Result "1/2-1/2"]
[WhiteElo "2358"]
[BlackElo "2541"]
[EventDate "2003.02.22"]

1. Nf3 g6 2. d4 Bg7 3. c3 d6 4. Bg5 h6 5. Bh4 f5 6. e3 Be6 7. Nbd2 Nd7 8.
Bc4 Bxc4 9. Nxc4 d5 10. Na5 Rb8 11. O-O Ngf6 12. c4 g5 13. Bg3 Ne4 14. cxd5
Nxg3 15. hxg3 Nb6 16. Qd2 Nxd5 17. Rac1 O-O 18. b4 e6 19. a3 g4 20. Ne1 h5
21. Nd3 c6 22. Nf4 Qe8 23. Nb3 Bh6 24. Nc5 Rf6 25. Rfe1 Qf7 26. Qb2 Rd8 27.
b5 Bxf4 28. gxf4 b6 29. Nd3 cxb5 30. Qxb5 h4 31. Nb4 g3 32. Nxd5 exd5 33.
Rc2 Re6 34. Qe2 Rde8 35. fxg3 hxg3 36. Qf3 Rg6 37. Rec1 Rf8 38. Rc7 Qe6 39.
R1c3 Rf7 40. Rc8+ Kg7 41. Kf1 Rg4 42. Ke2 Kf6 43. Rd8 Rd7 44. Rh8 Kg7 45.
Rh3 Qg6 46. Rc8 Kf7 47. Rhh8 Qe6 48. Rc3 Kg7 49. Rhc8 1/2-1/2

[Event "Open"]
[Site "Cappelle la Grande FRA"]
[Date "2003.02.22"]
[Round "1"]
[White "Abergel,T"]
[Black "Brodsky,M"]
[Result "1/2-1/2"]
[WhiteElo "2365"]
[BlackElo "2550"]
[EventDate "2003.02.22"]

1. e4 c5 2. Nf3 e6 3. d3 Nf6 4. g3 d5 5. Qe2 Nc6 6. Bg2 Be7 7. O-O O-O 8.
e5 Ne8 9. Bf4 b5 10. h4 a5 11. c3 a4 12. Nbd2 Ba6 13. Rfd1 Nc7 14. Bg5 Re8
15. Nf1 h6 16. Bf4 f5 17. exf6 Bxf6 18. Ne5 Bxe5 19. Bxe5 b4 20. c4 Rc8 21.
Nh2 Nxe5 22. Qxe5 Qf6 23. Ng4 Qxe5 24. Nxe5 Red8 25. Rac1 Kf8 26. f4 Rd6
27. Kf2 Ne8 28. g4 dxc4 29. dxc4 Rcd8 30. Rxd6 Rxd6 31. Ke3 Nf6 32. b3 Nd7
33. Nd3 Bc8 34. g5 axb3 35. axb3 Ra6 36. Be4 Ra3 37. Rb1 Ke7 38. Kd2 Ra2+
39. Nb2 Nb8 40. Kc2 Bd7 41. Re1 Kd6 42. Kb1 Ra3 43. Re3 Be8 44. Nd3 Bh5 45.
Nf2 Nd7 46. Kb2 Nb6 47. Re1 Ra7 48. Bh1 Bg6 49. Ng4 Bh5 50. Nf2 Bg6 51. Ng4
Bh5 52. Nf2 Bg6 1/2-1/2

[Event "Open"]
[Site "Cappelle la Grande FRA"]
[Date "2003.02.22"]
[Round "1"]
[White "Sheremetieva,M"]
[Black "Grabarczyk,M"]
[Result "0-1"]
[WhiteElo "2298"]
[BlackElo "2506"]
[EventDate "2003.02.22"]

1. e4 e5 2. Bc4 Nc6 3. Nf3 Bc5 4. c3 Nf6 5. d3 d6 6. Nbd2 O-O 7. h3 a6 8.
Bb3 Ba7 9. Nf1 d5 10. Qe2 dxe4 11. dxe4 Qe7 12. Bg5 h6 13. Bd2 Na5 14. Ng3
Nxb3 15. axb3 Bb6 16. O-O Bd7 17. Nh4 Nh7 18. Nhf5 Bxf5 19. Nxf5 Qe6 20. c4
Rfd8 21. Rad1 Rd7 22. Be3 Rad8 23. Rxd7 Rxd7 24. Kh1 g6 25. Ng3 Bd4 26. Qc2
h5 27. Bd2 Nf6 28. Ne2 b5 29. f3 c5 30. cxb5 axb5 31. Nc3 Qc6 32. Bg5 Nh7
33. Bh4 Nf6 34. Ra1 Rb7 35. Qe2 Qe6 36. b4 cxb4 37. Nxb5 Bxb2 38. Rb1 Qc6
39. Qxb2 Rxb5 40. f4 Qxe4 41. Rf1 Nd5 42. Bg3 Qd4 43. Qe2 Nc3 44. Qe1 e4
45. Bf2 Qd3 46. Be3 b3 47. f5 b2 48. fxg6 Qxf1+ 49. Qxf1 b1=Q 50. Bc1 Qxc1
0-1

[Event "Open"]
[Site "Cappelle la Grande FRA"]
[Date "2003.02.22"]
[Round "1"]
[White "Kersten,U"]
[Black "Shomoev,A"]
[Result "0-1"]
[WhiteElo "2357"]
[BlackElo "2541"]
[EventDate "2003.02.22"]

1. e4 e5 2. Nf3 Nc6 3. Bb5 a6 4. Ba4 Nf6 5. O-O Be7 6. Re1 b5 7. Bb3 O-O 8.
d4 d6 9. c3 Bg4 10. d5 Na5 11. Bc2 Qc8 12. h3 Bd7 13. Nbd2 c6 14. b4 Nb7
15. dxc6 Qxc6 16. Bb2 Nd8 17. Bb3 Ne6 18. c4 Nf4 19. Re3 Qb7 20. a3 Bc6 21.
Qc2 Rac8 22. Rae1 Nd7 23. Qb1 Bd8 24. c5 Qb8 25. Qa1 Bf6 26. cxd6 Qxd6 27.
Nf1 Qe7 28. N1h2 h5 29. h4 Rfe8 30. g3 Ng6 31. Nd2 Nb6 32. Qd1 Red8 33.
Nhf1 Nc4 34. Bxc4 bxc4 35. Qxh5 Qe6 36. Qf3 Rd7 37. Rc1 Bb5 38. Rec3 Rd4
39. R3c2 Rd3 40. Qf5 Qe8 41. Nxc4 Rcd8 42. Nce3 Ne7 43. Qg4 Bd7 44. Qe2 Bb5
45. Qe1 Qd7 46. Nh2 Bc6 47. Neg4 Ba4 48. Rc5 Qe6 49. Kg2 Bxh4 50. Nxe5 Rb3
51. Bc3 Bg5 52. Nxf7 Bxc1 53. Nxd8 Qh6 54. Ng4 Qg6 55. Ne5 Qb6 56. Qxc1
Qxd8 57. Qg5 Nc6 58. Nxc6 Qxg5 59. Rxg5 Rxc3 60. Nd4 Kf7 61. Ra5 Bd1 62.
Rxa6 Rd3 63. Nf5 Bf3+ 64. Kh3 g5 65. Ne3 Rb3 66. g4 Bxe4 67. Kg3 Rb1 68. f3
Bd3 69. Rd6 Rb3 70. Rd4 Bb5 71. Nf5 Bc6 72. b5 Bxf3 73. Kf2 Rxa3 74. Rb4
Bd5 75. b6 Ra8 76. Nd4 Ke7 77. Ke3 Kd6 78. Nb3 Re8+ 79. Kd3 Rf8 80. b7 Rb8
0-1

[Event "Open"]
[Site "Cappelle la Grande FRA"]
[Date "2003.02.22"]
[Round "1"]
[White "Legky,N"]
[Black "Ungureanu,E"]
[Result "0-1"]
[WhiteElo "2507"]
[BlackElo "2302"]
[EventDate "2003.02.22"]

1. d4 c5 2. d5 e5 3. c4 d6 4. Nc3 Be7 5. g3 Nf6 6. e4 O-O 7. Bd3 Ne8 8. h4
a6 9. a4 b6 10. b3 Ra7 11. Qf3 Nc7 12. g4 Nd7 13. g5 Re8 14. Nge2 Nf8 15.
Ng3 f6 16. Nf5 fxg5 17. hxg5 Bxf5 18. Qxf5 g6 19. Qg4 Qd7 20. Qg3 Bd8 21.
Bd2 Qg7 22. Kd1 Re7 23. Kc2 Nd7 24. Rh6 Ne8 25. Rah1 Nf8 26. Ne2 Qh8 27.
Bc3 Qg7 28. Qg4 Qf7 29. Rf1 Ng7 30. f4 Qe8 31. Rhh1 exf4 32. Qxf4 Nh5 33.
Rxh5 Rf7 34. Bf6 gxh5 35. Ng3 Ng6 36. Qf5 Bxf6 37. gxf6 Qe5 38. Qc8+ Rf8
39. Qe6+ Raf7 40. Rf3 Qxe6 41. dxe6 Rxf6 42. Re3 Rxe6 43. Nxh5 Rf2+ 44. Kc3
Ne5 45. Be2 Rh6 46. Ng3 Rh3 47. Kd2 Nf3+ 0-1

[Event "Open"]
[Site "Cappelle la Grande FRA"]
[Date "2003.02.22"]
[Round "1"]
[White "Sulava,N"]
[Black "Husari,Sa"]
[Result "1/2-1/2"]
[WhiteElo "2535"]
[BlackElo "2335"]
[EventDate "2003.02.22"]

1. Nf3 Nf6 2. g3 g6 3. b3 Bg7 4. Bb2 O-O 5. Bg2 d6 6. d4 e5 7. dxe5 Ng4 8.
Nc3 Nxe5 9. Nxe5 Bxe5 10. Qd2 Nc6 11. h4 h5 12. O-O-O Be6 13. f4 Bg7 14.
Ne4 f6 15. Nf2 Qe7 16. g4 hxg4 17. h5 f5 18. hxg6 Rf6 19. Rh5 Rxg6 20. e4
Bxb2+ 21. Kxb2 Qg7+ 22. Kb1 Rh6 23. Rg5 Rg6 24. exf5 Rxg5 25. fxg5 Bxf5 26.
Bd5+ Kf8 27. Nxg4 Bxg4 28. Qf4+ Ke7 29. Qxg4 Rf8 30. Qa4 Kd7 31. Qg4+ Kd8
32. Qg2 Kd7 33. Qh3+ Kd8 34. Bxc6 bxc6 35. Rg1 Rf4 36. Rh1 Qe5 37. Qh5 Qc5
38. g6 Qxh5 39. Rxh5 1/2-1/2

[Event "Open"]
[Site "Cappelle la Grande FRA"]
[Date "2003.02.22"]
[Round "1"]
[White "Grafl,F"]
[Black "Miroshnichenko,E"]
[Result "0-1"]
[WhiteElo "2343"]
[BlackElo "2538"]
[EventDate "2003.02.22"]

1. e4 c5 2. Nf3 d6 3. d4 Nf6 4. Nc3 cxd4 5. Nxd4 Nc6 6. Bc4 Qb6 7. Nxc6
bxc6 8. O-O g6 9. Bb3 Bg7 10. Be3 Qc7 11. h3 O-O 12. f4 Ba6 13. Re1 c5 14.
a3 e6 15. Bf2 Rab8 16. Rb1 Rfd8 17. Qf3 Bb7 18. Qe2 Ba8 19. Bh4 Re8 20. Ba4
Rec8 21. Bb3 c4 22. Ba2 Nh5 23. Qe3 d5 24. e5 Qc6 25. Qd4 Bf8 26. Bf2 Ng3
27. Qd2 d4 28. Bxd4 Rd8 29. Qf2 Nf5 30. Bxa7 Rb7 31. Ne4 Rxa7 32. Qxa7 Rd4
33. Kh2 Rxe4 34. Rxe4 Qxe4 35. Qf2 Bh6 36. g3 Nxg3 37. Kxg3 Bxf4+ 38. Qxf4
Qg2+ 39. Kh4 h6 40. Qxh6 Qf2+ 41. Kg4 Bf3+ 42. Kf4 Bd1+ 0-1